Southville International School and Colleges
Your cart is empty.
  • Cart
  • Lists
    Public lists list_1 View all
    Your lists Log in to create your own lists
  • Log in to your account
  • Your cookies
  • Search history
Southville International School and Colleges
  • Advanced search
  • Recent comments
  • Most popular
  • Libraries

Log in to your account

Log in with GOOGLE


If you do not have an external account, but do have a local account, you can still log in:

  1. Home
  2. MARC view: Philippine history /
Normal view MARC view ISBD view

Philippine history / (Record no. 275967)

[ view plain ]
MARC details
000 -LEADER
fixed length control field 00784nam a2200229 a 4500
003 - CONTROL NUMBER IDENTIFIER
control field PILC
005 - DATE AND TIME OF LATEST TRANSACTION
control field 20150921100728.0
008 - FIXED-LENGTH DATA ELEMENTS--GENERAL INFORMATION
fixed length control field
020 ## - INTERNATIONAL STANDARD BOOK NUMBER
International Standard Book Number 9789715849371
050 00 - LIBRARY OF CONGRESS CALL NUMBER
Classification number DS 668
Item number .Ag3 2010
100 1# - MAIN ENTRY--PERSONAL NAME
Personal name Agoncillo, Teodoro A.,
Dates associated with a name 1913-1985.
245 10 - TITLE STATEMENT
Title Philippine history /
Statement of responsibility, etc Teodoro A. Agoncillo, Fe B. Mangahas.
250 ## - EDITION STATEMENT
Edition statement Expanded and updated edition.
260 ## - PUBLICATION, DISTRIBUTION, ETC. (IMPRINT)
Place of publication, distribution, etc Quezon City :
Name of publisher, distributor, etc C & E Pub.,
Date of publication, distribution, etc 2010.
300 ## - PHYSICAL DESCRIPTION
Extent xi, 298 pages :
Other physical details illustrations ;
Dimensions 26 cm.
500 ## - GENERAL NOTE
General note Previouly published as: Introduction to Filipino history.
651 ## - SUBJECT ADDED ENTRY--GEOGRAPHIC NAME
Geographic name Philippines
General subdivision History
Chronological subdivision 1521-1898.
651 ## - SUBJECT ADDED ENTRY--GEOGRAPHIC NAME
Geographic name Philippines
General subdivision History
Chronological subdivision 1898-
700 1# - ADDED ENTRY--PERSONAL NAME
Personal name Mangahas, Fe B.
740 0# - ADDED ENTRY--UNCONTROLLED RELATED/ANALYTICAL TITLE
Uncontrolled related/analytical title Introduction to Filipino history.
942 ## - ADDED ENTRY ELEMENTS (KOHA)
Source of classification or shelving scheme Library of Congress Classification
Koha item type Books
Call number prefix Filipininana
Holdings
Withdrawn status Lost status Damaged status Home library Current library Shelving location Date acquired Cost, normal purchase price Total Checkouts Total Renewals Full call number Barcode Date last seen Date checked out Price effective from Koha item type Source of classification or shelving scheme Source of acquisition
      Archives Archives   09/30/2014   8 13 DS 668 .Ag3 2010 C18773 08/05/2019 07/29/2019 09/30/2014 Books Library of Congress Classification Library Fund
      Archives Archives   09/30/2014   7 13 DS 668 .Ag3 2010 C18775 08/05/2019 07/27/2019 09/30/2014 Books Library of Congress Classification Library Fund
      College Library College Library Filipiniana Section 06/09/2014 395.00 13 29 DS 668 .Ag3 2010 C18373 10/30/2019 10/25/2019 06/09/2014 Books    
      College Library College Library Filipiniana Section 09/21/2015   5 24 DS 668 .Ag3 2010 C20035 01/16/2020 01/09/2020 09/21/2015 Books Library of Congress Classification Donation

Philippine history /

APA

Agoncillo T. A., Mangahas F. B., . (2010). Philippine history. Quezon City: C & E Pub.

Chicago

Agoncillo Teodoro A, Mangahas Fe B, . 2010. Philippine history. Quezon City: C & E Pub.

Harvard

Agoncillo T. A., Mangahas F. B., . (2010). Philippine history. Quezon City: C & E Pub.

MLA

Agoncillo Teodoro A, Mangahas Fe B, . Philippine history. Quezon City: C & E Pub. 2010.

  • Place hold
  • Print
  • Cite
  • Add to your cart (remove)
  • Save record
    BIBTEX Dublin Core MARCXML MARC (non-Unicode/MARC-8) MARC (Unicode/UTF-8) MARC (Unicode/UTF-8, Standard) MODS (XML) RIS
  • More searches
    Search for this title in:
    Other Libraries (WorldCat) Other Databases (Google Scholar) Online Stores (Bookfinder.com) Open Library (openlibrary.org)

Exporting to Dublin Core...

SOUTHVILLE LIBRARY

Southville International School and Colleges Library

1281 Tropical Ave. Cor. Luxembourg St., BF Homes International, Las Pinas City

Tel. No. 8256374 / 252358 Loc. 117/146

Powered by Koha